01323nam a2200325 a 4500001001200000003000800012006001900020007001500039008004100054010001700095020001800112020002700130040002100157035002100178050002300199245013600222260002700358300002500385490003400410504005100444505007600495533015200571650002500723650002900748650002700777655002900804700002100833710001700854856012600871ebr10700403CaPaEBRm o u cr cn|||||||||130527s2013 enka sb 001 0 eng d z 2013932630 z9781848215009 z9781118569771 (e-book) aCaPaEBRcCaPaEBR a(OCoLC)84333131414aTA168b.E43 2013eb00aEmbedded systemsh[electronic resource] :banalysis and modeling with SysML, UML and AADL /cedited by Fabrice Kordon ... [et al.]. aLondon :bISTE,c2013. axxii, 292 p. :bill.0 aElectonics engineering series aIncludes bibliographical references and index.0 apt. 1. General concepts -- pt. 2. SysML -- pt. 3. MARTE -- pt. 4. AADL. aElectronic reproduction.bPalo Alto, Calif. :cebrary,d2013.nAvailable via World Wide Web.nAccess may be limited to ebrary affiliated libraries. 0aSystems engineering. 0aSysML (Computer science) 0aUML (Computer science) 7aElectronic books.2local1 aKordon, Fabrice.2 aebrary, Inc.40uhttp://site.ebrary.com/lib/rucke/Doc?id=10700403zAn electronic book accessible through the World Wide Web; click to view